000 00599nam a22002297a 4500
003 UA-OsUOA
001 100041
007 ta
008 20130521b un ||||| |||| 00| 0 ukr d
100 _aФальяс К.
090 _a821(728.6)
_bФ19
942 _cBK
040 _aUA-OsUOA
_bukr
_cUA-OsUOA
_dUA-OsUOA
245 _aМаркос Рамірес
_bповість
300 _a334 с.
955 _a3
041 _aukr
080 _a821(728.6)
260 _aК.
_bДитвидав
_c1963
650 7 _a82 Література. Літературознавство
_2UDC
999 _c386287
_d386287